| 000 | 00865nam a2200241 i 4500 | ||
|---|---|---|---|
| 001 | 67509 | ||
| 003 | ES-MaACL | ||
| 005 | 20230906170105.0 | ||
| 007 | t| | ||
| 008 | 040601s1998 sp ||||0| spa d | ||
| 020 | _a84-923819-1-4 | ||
| 040 |
_aM-BN _bspa _cM-BN |
||
| 080 | _a551.46(063) | ||
| 080 | _a656.61(063) | ||
| 111 | 2 |
_aForo de Debate sobre el Mar y sus Problemas ( _d1998. _cLisboa) _9749 |
|
| 245 | 1 | 0 |
_aForo de Debate sobre el Mar y sus Problemas _b: Fundación Calouste Gulbenkian (Lisboa) del 20 al 24 de abril de 1998. |
| 260 |
_aMadrid : _bSociedad Estatal Lisboa'98, _c[1998] |
||
| 300 |
_a3 v : _bil. col. y n ; _c24 cm. |
||
| 650 | 1 | 4 |
_aOceanografía- _vCongresos y asambleas. _915679 |
| 650 | 1 | 4 |
_aTransportes marítimos- _vCongresos y asambleas. _917631 |
| 710 | 2 |
_aSociedade Lisboa 94. _96814 |
|
| 852 |
_aES-MaACL _jL-27750-2 _bR.133596 |
||
| 999 |
_c67509 _d67509 |
||